000
00211 a2200085 4500
020
_a
9789386210616
100
_a
S.S. BHATTI
245
_a
ARCHITECTURE - THEORY PRACTICE RESEARCH AND PEDAGOGY
260
_b
WHITE FALCON
999
_c
13032
_d
13032